000 00455nam a2200157 4500
001 117466
003 ES-MaACL
007 t|
008 070214s1909 fr r ||||1| fre d
100 1 _aPederzani-Weber, J.
_989875
245 1 0 _aTerre inconume /
_cJ. Pederzani-Weber ; adaptation de Louis de Hessem.
260 _aParis :
_bJ. Lefort,
_c1909.
300 _a237 p. :
_bil ;
_c25 cm.
700 1 _aHessem, Louis de.
_963476
852 _aES-MaACL
_jG-5320
999 _c117466
_d117466